[Event "Elit(Limhamn-Stockholms SS)"]
[Site "?"]
[Date "2019.10.19"]
[Round "2"]
[White "Helgason, Reynir"]
[Black "Cederstam Barsk, Carl"]
[Result "1-0"]
[WhiteElo "2253"]
[BlackElo "2344"]
[PlyCount "109"]
1. Nf3 Nf6 2. g3 e6 3. Bg2 d5 4. O-O c5 5. d4 cxd4 6. Nxd4 e5 7. Nf3 e4 8. Nd4
Bc5 9. Bg5 Nbd7 10. c4 Qb6 11. Nb3 dxc4 12. Nxc5 Qxc5 13. Be3 Qc6 14. Nc3 b5
15. a4 b4 16. Nb5 Nb6 17. Qd6 Bd7 18. Nc7+ Kd8 19. Qxc6 Bxc6 20. Nxa8 Bxa8 21.
a5 Nc8 22. Rfd1+ Kc7 23. Bc5 b3 24. Bd4 Re8 25. Rac1 Nd6 26. Bxa7 Bd5 27. Bc5
Nb5 28. Be3 Kc6 29. Rd2 Ng4 30. Bb6 f5 31. f3 Nf6 32. f4 Be6 33. e3 Nd7 34. Bd4
Nxd4 35. Rxd4 Nc5 36. Bf1 Nd3 37. Bxd3 exd3 38. Rxd3 Kb5 39. Rd4 Kxa5 40. e4
Kb5 41. exf5 Bf7 42. Kf2 Re7 43. Re1 Ra7 44. Re2 Ra2 45. Rd7 Bh5 46. Red2 Kc6
47. R7d4 Kc5 48. Ke3 Bg4 49. Rd7 Kc6 50. Rxg7 Bxf5 51. Kd4 Bd3 52. g4 Kb5 53.
f5 Ra8 54. Rb7+ Kc6 55. Rxh7 1-0

[Event "Elit(Eksjo-Wasa)"]
[Site "?"]
[Date "2019.10.19"]
[Round "2"]
[White "Sagit, Rauan"]
[Black "Heberla, Bartlomiej"]
[Result "0-1"]
[WhiteElo "2443"]
[BlackElo "2552"]
[PlyCount "80"]
1. Nf3 g6 2. d4 Bg7 3. g3 c5 4. dxc5 Qa5+ 5. Nbd2 Qxc5 6. Bg2 Nf6 7. O-O O-O 8.
Nb3 Qc7 9. c3 Nc6 10. Nbd4 d6 11. Nc2 Rd8 12. Nfd4 a6 13. Bg5 h6 14. Bd2 Na5
15. Na3 e5 16. Nb3 Nxb3 17. axb3 d5 18. Qc1 Kh7 19. c4 d4 20. c5 Bg4 21. Re1
Rab8 22. b4 Be6 23. b5 Bd5 24. f3 axb5 25. Nxb5 Qc6 26. Na7 Qe8 27. Nb5 Qc6 28.
Na7 Qe6 29. b4 e4 30. Bf4 Ra8 31. Nb5 Ne8 32. Rxa8 Rxa8 33. Qd1 Bc6 34. Nxd4
Bxd4+ 35. Qxd4 exf3 36. Bf1 Nf6 37. Bd2 Rd8 38. Qxd8 f2+ 39. Kxf2 Ng4+ 40. Kg1
Qe4 0-1

[Event "Elit(Farsta-Burgsvik)"]
[Site "?"]
[Date "2019.10.18"]
[Round "1"]
[White "Hjelm, Niclas"]
[Black "Andersson, Tommy"]
[Result "0-1"]
[WhiteElo "2309"]
[BlackElo "2391"]
[PlyCount "80"]
1. d4 Nf6 2. c4 e6 3. Nf3 d5 4. Nc3 c6 5. e3 Nbd7 6. Qc2 Bd6 7. b3 O-O 8. Bb2
Qe7 9. Bd3 dxc4 10. bxc4 e5 11. O-O Re8 12. Ng5 exd4 13. exd4 Bxh2+ 14. Kxh2
Ng4+ 15. Kg3 Qxg5 16. Bxh7+ Kh8 17. Qf5 Qh6 18. Qxg4 Nf6 19. Qh4 Nh5+ 20. Kh2
g5 21. Qe4 Nf6+ 22. Kg1 Nxe4 23. Bxe4 f5 24. Bd3 Bd7 25. d5 Kg8 26. Rfd1 Re7
27. dxc6 bxc6 28. Ne2 Rae8 29. Ng3 Rf7 30. Bc2 f4 31. Ne4 Bf5 32. Rd6 Re6 33.
Rd8+ Rf8 34. Rxf8+ Kxf8 35. Re1 g4 36. Bc1 Bxe4 37. Rxe4 Rxe4 38. Bxe4 Qf6 39.
Kh2 Qh8+ 40. Kg1 Qa1 0-1

[Event "Elit(Farsta-Burgsvik)"]
[Site "?"]
[Date "2019.10.18"]
[Round "1"]
[White "Linusson, Pelle"]
[Black "Namini, Armin"]
[Result "1-0"]
[WhiteElo "2231"]
[BlackElo "2251"]
[PlyCount "101"]
1. Nf3 Nf6 2. c4 g6 3. g3 Bg7 4. Bg2 O-O 5. O-O d6 6. d4 Nbd7 7. Nc3 e5 8. e4
a6 9. h3 b5 10. dxe5 dxe5 11. Be3 Bb7 12. Qc2 Qe7 13. Nd5 Nxd5 14. cxd5 Rfc8
15. Rfd1 c5 16. h4 Qd6 17. Bh3 c4 18. Ng5 Qc7 19. h5 Rd8 20. Qe2 Nf6 21. hxg6
hxg6 22. a4 Rd6 23. axb5 axb5 24. Rxa8+ Bxa8 25. f4 Nh5 26. Qh2 exf4 27. gxf4
b4 28. Bg2 c3 29. bxc3 bxc3 30. e5 c2 31. Rc1 Rxd5 32. Bxd5 Bxd5 33. Qxc2 Qxc2
34. Rxc2 Bh6 35. Rc8+ Kg7 36. Kf2 f6 37. Bd4 Bxg5 38. fxg5 fxe5 39. Rc7+ Kf8
40. Bxe5 Be4 41. Ke3 Bf5 42. Kd4 Be6 43. Ra7 Bf5 44. Kd5 Bc2 45. Bd6+ Ke8 46.
Re7+ Kd8 47. Rb7 Ke8 48. Rh7 Bb3+ 49. Kc6 Bc2 50. Kc7 Bf5 51. Bc5 1-0

[Event "Elit(Farsta-Burgsvik)"]
[Site "?"]
[Date "2019.10.18"]
[Round "1"]
[White "Lundin, Jan"]
[Black "Larsson, Victor"]
[Result "1-0"]
[WhiteElo "2291"]
[BlackElo "2201"]
[PlyCount "91"]
1. d4 d5 2. Bf4 Nf6 3. e3 c5 4. c3 Nc6 5. Nd2 Qb6 6. Qb3 Bf5 7. Qxb6 axb6 8.
Bc7 Nd7 9. Ngf3 e6 10. Nh4 Bg4 11. h3 Bh5 12. g4 Be7 13. Ng2 Bg6 14. Nf4 O-O
15. Nxg6 hxg6 16. Nf3 Rfc8 17. Bh2 c4 18. a3 b5 19. Rb1 Nb6 20. Be2 Na4 21. Kd2
Ra6 22. Bd1 Na5 23. Re1 Rb6 24. Bg3 Ra6 25. Kc2 Nb3 26. Nd2 Nxd2 27. Kxd2 Bf8
28. e4 Ra5 29. exd5 exd5 30. Bf3 Nxb2 31. Rxb2 Bxa3 32. Rbb1 b4 33. cxb4 c3+
34. Kc2 Rb5 35. Bd6 Bb2 36. Bc5 b6 37. Bd6 Rc4 38. Be2 Rbxb4 39. Bxc4 Rxc4 40.
Re8+ Kh7 41. Rd1 Rc6 42. Rd8 b5 43. g5 f6 44. Re1 b4 45. Ree8 Rxd6 46. Rh8# 1-0

[Event "Elit(Farsta-Burgsvik)"]
[Site "?"]
[Date "2019.10.18"]
[Round "1"]
[White "Andersson, Bjorn"]
[Black "Jaderberg, Bjorn"]
[Result "0-1"]
[WhiteElo "2162"]
[BlackElo "2154"]
[PlyCount "76"]
1. e4 d6 2. d4 Nf6 3. Nc3 e5 4. Nf3 exd4 5. Nxd4 Be7 6. Be2 O-O 7. g4 d5 8. e5
Ne4 9. Nxe4 dxe4 10. Bf4 Bg5 11. Bg3 Nc6 12. Nxc6 bxc6 13. h4 Be7 14. g5 Rb8
15. Qxd8 Rxd8 16. e6 Rxb2 17. Bxc7 Bb4+ 18. Kf1 Rd2 19. a3 Be7 20. exf7+ Kxf7
21. Bc4+ Be6 22. Bxe6+ Kxe6 23. Re1 Kf5 24. f3 Bc5 25. fxe4+ Kg4 26. Rh2 Rxh2
27. Bxh2 Rxc2 28. Bg1 Bxa3 29. e5 Rc1 30. Rxc1 Bxc1 31. Bxa7 Kf5 32. Bb8 Bb2
33. e6 Kxe6 34. Ke2 Kf5 35. Bg3 Kg4 36. Be1 Be5 37. Ke3 g6 38. Bd2 Bf4+ 0-1

[Event "Elit(Farsta-Burgsvik)"]
[Site "?"]
[Date "2019.10.18"]
[Round "1"]
[White "Lagerborg, Krister"]
[Black "Fraenkel, Mikael"]
[Result "1/2-1/2"]
[WhiteElo "2148"]
[BlackElo "2040"]
[PlyCount "46"]
1. e4 c5 2. Nf3 Nc6 3. Nc3 g6 4. d4 cxd4 5. Nxd4 Bg7 6. Be3 Nf6 7. Bc4 Qa5 8.
O-O O-O 9. Bb3 d6 10. h3 Bd7 11. f4 Rac8 12. Qf3 Qh5 13. Rad1 Bg4 14. hxg4 Nxg4
15. Qg3 Nxe3 16. Nxc6 Nxf1 17. Nxe7+ Kh8 18. Rxf1 Bd4+ 19. Rf2 Rxc3 20. bxc3
Qd1+ 21. Kh2 Qh5+ 22. Kg1 Qd1+ 23. Kh2 Qh5+ 1/2-1/2

[Event "Elit(LASK-Vasteras)"]
[Site "?"]
[Date "2019.10.18"]
[Round "1"]
[White "Miezis, Normunds"]
[Black "Hillarp Persson, Tiger"]
[Result "1-0"]
[WhiteElo "2486"]
[BlackElo "2558"]
[PlyCount "75"]
1. c4 e5 2. Nc3 Bb4 3. Nf3 Bxc3 4. dxc3 d6 5. g3 Nc6 6. Bg2 f6 7. Nd2 Be6 8. e4
Qd7 9. Qh5+ g6 10. Qe2 Bh3 11. f3 Bxg2 12. Qxg2 f5 13. Nf1 O-O-O 14. Ne3 Rf8
15. Bd2 Nd8 16. O-O-O Ne6 17. b4 h5 18. c5 dxc5 19. Nc4 Qa4 20. Kb1 Ne7 21.
Nxe5 cxb4 22. cxb4 Rd8 23. Nf7 Rd3 24. Nxh8 Nd4 25. Rc1 Nec6 26. Bc3 a5 27.
bxa5 fxe4 28. fxe4 Nb5 29. Bb2 Nb4 30. Qh3+ Kb8 31. Qe6 Rd5 32. Qxd5 Nxd5 33.
exd5 Na3+ 34. Ka1 Nc2+ 35. Rxc2 Qxc2 36. d6 cxd6 37. Nf7 Ka7 38. Nxd6 1-0

[Event "Elit(LASK-Vasteras)"]
[Site "?"]
[Date "2019.10.18"]
[Round "1"]
[White "Lundberg, David"]
[Black "Eriksson, Anders"]
[Result "1-0"]
[WhiteElo "2205"]
[BlackElo "2237"]
[PlyCount "73"]
1. e4 c6 2. d4 d5 3. e5 Bf5 4. h4 h5 5. Nf3 e6 6. c4 Ne7 7. Nc3 Nd7 8. Bg5 f6
9. exf6 gxf6 10. Be3 Nb6 11. b3 Bg7 12. Be2 Bg6 13. O-O Nf5 14. Bf4 Kf7 15. Re1
Qc7 16. Rc1 Rae8 17. a4 a5 18. Qd2 Qd8 19. Bd3 Nh6 20. Bxg6+ Kxg6 21. Bxh6 Bxh6
22. Qd3+ Kf7 23. Rc2 Kg7 24. Rce2 Qd7 25. Kf1 Na8 26. Nd1 Nc7 27. Ne3 Bf4 28.
g3 Bd6 29. c5 Bf8 30. Ng2 Qf7 31. Nf4 Kh6 32. Qd2 Kh7 33. Qxa5 Bg7 34. Qb6 Na8
35. Qa7 e5 36. dxe5 fxe5 37. Ng5+ 1-0

[Event "Elit(Wasa-Vaxjo)"]
[Site "?"]
[Date "2019.10.18"]
[Round "1"]
[White "Cramling, Dan"]
[Black "Gonzalez, Emilio"]
[Result "1/2-1/2"]
[WhiteElo "2322"]
[BlackElo "1936"]
[PlyCount "45"]
1. d4 Nf6 2. c4 e6 3. Nc3 Bb4 4. e3 b6 5. Nge2 c5 6. a3 Ba5 7. Rb1 Qe7 8. Bd2
O-O 9. b4 cxb4 10. axb4 Bxb4 11. Rxb4 Qxb4 12. Nd5 Qxc4 13. Nxf6+ gxf6 14. Nf4
Qa2 15. Bd3 Ba6 16. Bxh7+ Kxh7 17. Qh5+ Kg8 18. Qg4+ Kh7 19. Qh4+ Kg8 20. Qg3+
Kh7 21. Qh3+ Kg8 22. Qg3+ Kh7 23. Qh4+ 1/2-1/2

[Event "Elit(Stockholms SS-Eksjo)"]
[Site "?"]
[Date "2019.10.18"]
[Round "1"]
[White "Heberla, Bartlomiej"]
[Black "Westerberg, Jonathan"]
[Result "1/2-1/2"]
[WhiteElo "2552"]
[BlackElo "2546"]
[PlyCount "160"]
1. d4 d5 2. Nf3 Nf6 3. e3 e6 4. c4 a6 5. b3 c5 6. cxd5 exd5 7. Bd3 Nc6 8. Bb2
Bg4 9. dxc5 Bxc5 10. O-O O-O 11. h3 Bh5 12. Nbd2 Ba7 13. Qb1 Bg6 14. Bxg6 hxg6
15. Qd3 Re8 16. Rad1 Ne4 17. Nxe4 dxe4 18. Qc3 Qf6 19. Nd2 Qxc3 20. Bxc3 b5 21.
b4 Bb8 22. a3 a5 23. bxa5 Nxa5 24. Rb1 Nc4 25. Rxb5 Nxd2 26. Bxd2 Rxa3 27. Rfb1
Be5 28. Bc1 Rd3 29. Bb2 Bxb2 30. R1xb2 Red8 31. Re5 f5 32. g4 R3d5 33. Rb5 Rxb5
34. Rxb5 Rf8 35. Kg2 Kh7 36. Rb6 fxg4 37. hxg4 Re8 38. Kg3 Kh6 39. Kh4 Rf8 40.
Kg3 Re8 41. Ra6 Re7 42. Ra8 g5 43. Ra5 g6 44. Kg2 Ra7 45. Re5 Re7 46. Rd5 Rd7
47. Rd4 Re7 48. Rd5 Rd7 49. Rd4 Re7 50. Rd8 Kg7 51. Rd6 Kf7 52. f3 exf3+ 53.
Kxf3 Ra7 54. Ke4 Ra3 55. Rd3 Ra4+ 56. Rd4 Ra3 57. Rc4 Ke6 58. Rc6+ Kf7 59. Kd4
Ra4+ 60. Rc4 Ra3 61. e4 Rg3 62. Kd5 Rxg4 63. Rc7+ Ke8 64. Rc8+ Kd7 65. Rg8 Rg1
66. Rg7+ Ke8 67. Ke6 Kf8 68. Rxg6 g4 69. e5 g3 70. Rg4 g2 71. Rg3 Ra1 72. Rxg2
Ra6+ 73. Kf5 Ke7 74. Rg7+ Ke8 75. Rb7 Rc6 76. e6 Rc1 77. e7 Rf1+ 78. Ke4 Re1+
79. Kd4 Rxe7 80. Rxe7+ Kxe7 1/2-1/2

[Event "Elit(Farsta-Burgsvik)"]
[Site "?"]
[Date "2019.10.18"]
[Round "1"]
[White "Krupenski, Juri"]
[Black "Urkedal, Frode"]
[Result "0-1"]
[WhiteElo "2399"]
[BlackElo "2450"]
[PlyCount "88"]
[SourceDate "2019.10.24"]
1. d4 Nf6 2. c4 e6 3. g3 d5 4. Nf3 dxc4 5. Qa4+ Nbd7 6. Qxc4 a6 7. Bg2 b5 8.
Qc2 Bb7 9. O-O c5 10. a4 cxd4 11. Nxd4 Bxg2 12. Kxg2 Rc8 13. Qd1 Qb6 14. axb5
axb5 15. Nc3 b4 16. Na4 Qb7+ 17. f3 Be7 18. e4 O-O 19. Qe2 Rfd8 20. b3 g6 21.
Bb2 Nb8 22. Rac1 e5 23. Nc2 Nc6 24. Rfd1 Na5 25. Bxe5 Nxb3 26. Rxd8+ Rxd8 27.
Rd1 Rxd1 28. Qxd1 Nxe4 29. Nd4 Nxd4 30. Bxd4 Ng5 31. Qe2 Qd7 32. Bc5 Qh3+ 33.
Kg1 Bxc5+ 34. Nxc5 Qf5 35. Qe8+ Kg7 36. Nd7 Qb1+ 37. Kf2 Qc2+ 38. Ke1 Nxf3+ 39.
Kf1 Nxh2+ 40. Kg1 Nf3+ 41. Kf1 Nd2+ 42. Kf2 Ne4+ 43. Ke3 Qd2+ 44. Kf3 Ng5+ 0-1

[Event "Elit(Stockholms SS-Eksjo)"]
[Site "?"]
[Date "2019.10.18"]
[Round "1"]
[White "Hauge, Lars Oskar"]
[Black "Gajic, Mladen"]
[Result "1-0"]
[WhiteElo "2483"]
[BlackElo "2303"]
[PlyCount "71"]
[SourceDate "2019.10.23"]
1. f4 b6 2. e4 Bb7 3. Nc3 e6 4. Nf3 Bb4 5. Bd3 Na6 6. a3 Bxc3 7. dxc3 Nc5 8.
Qe2 Ne7 9. b4 Nxd3+ 10. cxd3 O-O 11. O-O f5 12. c4 Qe8 13. Qe3 fxe4 14. dxe4
Qg6 15. Re1 d6 16. Ra2 a5 17. Rf2 h6 18. Bb2 Qg4 19. Nd4 e5 20. fxe5 Rxf2 21.
Qxf2 dxe5 22. Nf3 Ng6 23. Nxe5 Nxe5 24. Bxe5 axb4 25. axb4 Bxe4 26. h3 Qg6 27.
Re3 Qf5 28. Qg3 g6 29. Re2 c5 30. Bb2 Rd8 31. Kh2 cxb4 32. Qc7 Qd7 33. Qe5 Qd6
34. Rxe4 Qxe5+ 35. Rxe5 Rd2 36. Bc1 1-0

[Event "Elit(Farsta-Burgsvik)"]
[Site "?"]
[Date "2019.10.18"]
[Round "1"]
[White "Ong, Kezli"]
[Black "Persson, Mats"]
[Result "0-1"]
[WhiteElo "2314"]
[BlackElo "2283"]
[PlyCount "90"]
1. e4 c5 2. Nf3 e6 3. d4 cxd4 4. Nxd4 a6 5. Bd3 g6 6. c4 Bg7 7. Nb3 Ne7 8. O-O
O-O 9. Nc3 Nbc6 10. Bf4 d5 11. exd5 exd5 12. c5 Re8 13. Re1 Be6 14. Na4 Ra7 15.
Qd2 d4 16. Rad1 Nd5 17. Bg5 Bf6 18. Bxf6 Qxf6 19. Bc4 Nc7 20. Nb6 Rd8 21. Re4
Bxc4 22. Nxc4 Ne6 23. Nb6 Qf5 24. Rh4 g5 25. Rh3 Ne5 26. Rg3 h6 27. h3 a5 28.
a4 Ra6 29. Rc1 d3 30. Rc3 Nf4 31. Nc1 Qe4 32. Kh2 Kg7 33. f3 Qf5 34. Nc4 Nh5
35. Rg4 Nxg4+ 36. hxg4 Qf4+ 37. Kg1 Qd4+ 38. Kh2 Nf4 39. Ne3 Kg8 40. g3 Qxe3
41. Qxe3 d2 42. Qg1 Re6 43. c6 bxc6 44. gxf4 Re1 45. Qb6 d1=Q 0-1

[Event "Elit(Farsta-Burgsvik)"]
[Site "?"]
[Date "2019.10.18"]
[Round "1"]
[White "Haitin, Ilja"]
[Black "Livner, Anders"]
[Result "1-0"]
[WhiteElo "2324"]
[BlackElo "2356"]
[PlyCount "47"]
1. e4 c6 2. d4 d5 3. exd5 cxd5 4. Bd3 Nc6 5. c3 Qc7 6. h3 Nf6 7. Nf3 g6 8. O-O
Bg7 9. Re1 O-O 10. Ne5 Nxe5 11. Rxe5 Re8 12. Re1 Bd7 13. Nd2 Bc6 14. Nf3 Ne4
15. Ne5 Bxe5 16. dxe5 Qxe5 17. f3 f5 18. fxe4 dxe4 19. Bc4+ e6 20. Qd4 Qxd4+
21. cxd4 Bd5 22. Bxd5 exd5 23. Bf4 Rac8 24. Rac1 1-0